Every european country in danish - Statistics

General Stats
  • This quiz has been taken 32 times
    31 since last reset
  • The average score is 33 of 45
Answers on the Map
Answers color-coded by a green-red scale on the quiz's map according to % correct below.
 
Answer Stats
Answer % Correct
Finland
91%
Irland
91%
Polen
91%
Rusland
91%
Belgien
86%
Danmark
86%
Island
86%
Italien
86%
Norge
86%
Portugal
86%
Sverige
86%
Ukraine
86%
Bulgarien
82%
Liechtenstein
82%
Luxembourg
82%
Malta
82%
Montenegro
82%
Andorra
77%
Bosnien
77%
Estland
77%
San Marino
77%
Serbien
77%
Spanien
77%
Tyskland
77%
Ungarn
77%
Albanien
73%
Kosovo
73%
Kroatien
73%
Moldova
73%
Monaco
73%
Schweiz
73%
Frankrig
68%
Letland
68%
Lituaen
68%
Grækenland
64%
Holland
64%
Østrig
59%
Slovenien
59%
Storbritannien
59%
Tjekkiet
59%
Hviderusland
55%
Rumænien
55%
Nordmakedonien
50%
Slovakiet
45%
Vatikanstaten
41%
No matching quizzes found
Score Distribution
Percent of People with Each Score
Percentile by Number Answered
Your Score History
You have not taken this quiz since the last reset